Религиоведение и основы противодействия религиозному экстремизму (Запись № 13680065)
[ простой вид ]
| 000 -МАРКЕР | |
|---|---|
| контрольное поле | 03709nam0a2200505 4500 |
| 001 - ИДЕНТИФИКАТОР ЗАПИСИ | |
| контрольное поле | RU\NLR\BIBL_A\022594877 |
| 005 - ИДЕНТИФИКАТОР ВЕРСИИ | |
| контрольное поле | 20260424143658.0 |
| 010 ## - МЕЖДУНАРОДНЫЙ СТАНДАРТНЫЙ НОМЕР КНИГИ (ISBN) | |
| Номер (ISBN) | 978-5-238-04036-3 |
| Тираж | 1000 |
| 021 ## - НОМЕР ГОСУДАРСТВЕННОЙ РЕГИСТРАЦИИ | |
| Код страны | Российская Федерация |
| Номер | КН-П-25-030421 |
| Номер Листа государственной регистраци | КН-П-25-3004 |
| 035 ## - ДРУГИЕ СИСТЕМНЫЕ НОМЕРА | |
| Идентификатор записи | (NLR Aleph) 022594877 |
| 100 ## - ДАННЫЕ ОБЩЕЙ ОБРАБОТКИ | |
| Данные общей обработки | 20250801d2025 u y0rusy50 ca |
| 101 0# - ЯЗЫК РЕСУРСА | |
| Язык текста, звукозаписи и т.д. | русский |
| 102 ## - СТРАНА ПУБЛИКАЦИИ ИЛИ ПРОИЗВОДСТВА | |
| Страна публикации | Российская Федерация |
| 105 ## - ПОЛЕ КОДИРОВАННЫХ ДАННЫХ: ТЕКСТОВЫЕ МАТЕРИАЛЫ, МОНОГРАФИЧЕСКИЕ | |
| Кодированные данные о монографическом текстовом документе | ac j 010yy |
| 181 #0 - ПОЛЕ КОДИРОВАННЫХ ДАННЫХ: ВИД СОДЕРЖАНИЯ | |
| Код вида содержания (ISBD) | i |
| Код характеристики содержания (ISBD) | xxxe |
| 182 #0 - ПОЛЕ КОДИРОВАННЫХ ДАННЫХ: ТИП СРЕДСТВА | |
| Код типа средства (ISBD) | n - непосредственное |
| 200 1# - ЗАГЛАВИЕ И СВЕДЕНИЯ ОБ ОТВЕТСТВЕННОСТИ | |
| Основное заглавие | Религиоведение и основы противодействия религиозному экстремизму |
| Сведения, относящиеся к заглавию | учебник для студентов высших учебных заведений |
| Первые сведения об ответственности | [Н. Д. Эриашвили – кандидат юридических наук, кандидат исторических наук, доктор экономических наук, профессор, В. В. Горохова – кандидат исторических наук, доцент, А. Е. Епифанов – доктор юридических наук, профессор, и др.] |
| Последующие сведения об ответственности | под редакцией лауреата премии Правительства РФ в области науки и техники, лауреата премии Правительства РФ в области образования, кандидата юридических наук, профессора Н. Д. Эриашвили |
| 203 ## - ВИД СОДЕРЖАНИЯ И ТИП СРЕДСТВА | |
| Вид содержания | Текст |
| Дополнительные сведения об издании | визуальный |
| Тип средства | непосредственный |
| 205 ## - СВЕДЕНИЯ ОБ ИЗДАНИИ | |
| Сведения об издании | 4-е изд., перераб. и доп. |
| 210 ## - ПУБЛИКАЦИЯ, РАСПРОСТРАНЕНИЕ И ДР. | |
| Место издания, распространения и т.д. | Москва |
| Имя издателя, распространителя и т. д. | ЮНИТИ |
| Дата издания, распространения и т.д. | 2025 |
| 215 ## - ФИЗИЧЕСКАЯ ХАРАКТЕРИСТИКА | |
| Специфическое обозначение материала и объем | 279 с. |
| Другие сведения о физической характеристике | ил., табл., портр. |
| Размеры | 22 |
| 300 ## - ОБЩИЕ ПРИМЕЧАНИЯ | |
| Текст примечания | Загл. переплета: Религиоведение. Основы противодействия религиозному экстремизму |
| 300 ## - ОБЩИЕ ПРИМЕЧАНИЯ | |
| Текст примечания | Загл. корешка: Религиоведение |
| 300 ## - ОБЩИЕ ПРИМЕЧАНИЯ | |
| Текст примечания | Авт. указаны на с. 7 |
| 300 ## - ОБЩИЕ ПРИМЕЧАНИЯ | |
| Текст примечания | На пер.: 4-е изд. |
| 300 ## - ОБЩИЕ ПРИМЕЧАНИЯ | |
| Текст примечания | На тит. с.: К 80-летию Победы в Великой Отечественной войне |
| 301 ## - ПРИМЕЧАНИЯ, ОТНОСЯЩИЕСЯ К ИДЕНТИФИКАЦИОННЫМ НОМЕРАМ | |
| Текст примечания | NIION 2025-K/1171 |
| 301 ## - ПРИМЕЧАНИЯ, ОТНОСЯЩИЕСЯ К ИДЕНТИФИКАЦИОННЫМ НОМЕРАМ | |
| Текст примечания | MOSURED 77/25K-171 |
| 320 ## - ПРИМЕЧАНИЯ О НАЛИЧИИ В ДОКУМЕНТЕ БИБЛИОГРАФИИ / УКАЗАТЕЛЯ | |
| Текст примечания | Библиогр.: с. 271–275 (49 назв.) и в подстроч. примеч. |
| 512 1# - ЗАГЛАВИЕ ОБЛОЖКИ | |
| Заглавие обложки | Религиоведение. Основы противодействия религиозному экстремизму |
| 516 1# - ЗАГЛАВИЕ НА КОРЕШКЕ [ИЗДАНИЯ] | |
| Заглавие на корешке | Религиоведение |
| 606 1# - НАИМЕНОВАНИЕ ТЕМЫ КАК ПРЕДМЕТ | |
| Наименование темы | Религиоведение |
| Формальный подзаголовок | Учебники для высших учебных заведений |
| Системный номер авторитетной/нормативной записи | 1504178 |
| Идентификатор авторитетной/нормативной записи | RU\NLR\AUTH\66954339 |
| 606 1# - НАИМЕНОВАНИЕ ТЕМЫ КАК ПРЕДМЕТ | |
| Наименование темы | Экстремизм религиозный |
| Формальный подзаголовок | Учебники для высших учебных заведений |
| Тематический подзаголовок | Борьба с ним |
| Географический подзаголовок | Российская Федерация |
| Системный номер авторитетной/нормативной записи | 2412959 |
| Идентификатор авторитетной/нормативной записи | RU\NLR\AUTH\661437537 |
| 686 1# - ИНДЕКСЫ ДРУГИХ КЛАССИФИКАЦИЙ | |
| Индекс | Э2я73 |
| 686 1# - ИНДЕКСЫ ДРУГИХ КЛАССИФИКАЦИЙ | |
| Индекс | Х628.322.112.11я73 |
| 701 #1 - ИМЯ ЛИЦА - АЛЬТЕРНАТИВНАЯ ОТВЕТСТВЕННОСТЬ | |
| Графика поля | Кириллица |
| Материалы, к которым относится поле | rus |
| Начальный элемент ввода | Эриашвили |
| Часть имени, кроме начального элемента ввода | Н. Д. |
| Даты | 1960- |
| Расширение инициалов личного имени | Нодари Дарчоевич |
| Системный номер авторитетной/нормативной записи | 11409 |
| Идентификатор авторитетной/нормативной записи | RU\NLR\AUTH\7728378 |
| 701 #1 - ИМЯ ЛИЦА - АЛЬТЕРНАТИВНАЯ ОТВЕТСТВЕННОСТЬ | |
| Начальный элемент ввода | Горохова |
| Часть имени, кроме начального элемента ввода | В. В. |
| Дополнения к именам, кроме дат | канд. ист. наук, полковник полиции |
| Расширение инициалов личного имени | Виолетта Венедиктовна |
| Системный номер авторитетной/нормативной записи | 181893 |
| Идентификатор авторитетной/нормативной записи | RU\NLR\AUTH\770181944 |
| 701 #1 - ИМЯ ЛИЦА - АЛЬТЕРНАТИВНАЯ ОТВЕТСТВЕННОСТЬ | |
| Графика поля | Кириллица |
| Материалы, к которым относится поле | rus |
| Начальный элемент ввода | Епифанов |
| Часть имени, кроме начального элемента ввода | А. Е. |
| Дополнения к именам, кроме дат | д-р юрид. наук |
| Даты | 1963- |
| Расширение инициалов личного имени | Александр Егорович |
| Системный номер авторитетной/нормативной записи | 101808 |
| Идентификатор авторитетной/нормативной записи | RU\NLR\AUTH\77118883 |
| 712 02 - НАИМЕНОВАНИЕ ОРГАНИЗАЦИИ - ВТОРИЧНАЯ ОТВЕТСТВЕННОСТЬ | |
| Код отношения | Прочие |
| Начальный элемент ввода | Международный научно-исследовательский центр судебной экспертизы и исследований |
| Идентифицирующий признак | Москва |
| Системный номер авторитетной/нормативной записи | 492593 |
| Идентификатор авторитетной/нормативной записи | RU\NLR\AUTH\880413667 |
| 942 ## - ДОПОЛНИТЕЛЬНЫЕ ЭЛЕМЕНТЫ ЗАПИСИ (АБИС) | |
| Тип экземпляра АБИС | Книга |
| 980 ## - КОЛЛЕКЦИЯ | |
| Название коллекции | Национальная библиография |
Нет доступных экземпляров.